Normal view
MARC view
Entry Personal Name
001 - CONTROL NUMBER
- control field: 72561
003 - CONTROL NUMBER IDENTIFIER
- control field: OSt
005 - DATE AND TIME OF LATEST TRANSACTION
- control field: 20180501162611.0
008 - FIXED-LENGTH DATA ELEMENTS
- fixed length control field: 180501|| aca||aabn | a|a d
040 ## - CATALOGING SOURCE
- Original cataloging agency: OSt
- Transcribing agency: OSt
100 ## - HEADING--PERSONAL NAME
- Personal name: Huntington,Susan L
670 ## - SOURCE DATA FOUND
- Source citation: Work cat.: (OSt): Huntington,Susan L, Art of Ancient India:Buddhist, Hindu, Jain , 2016









